000 01989nam0a2200373 4500
001 RU\NLR\BIBL_A\012769295
005 20260406202441.0
035 _a(NLR Aleph) 012769295
090 _a13087618
_c13087618
100 _a20220421d1976 |||y0rusy50 ca
101 0 _aukr
_arus
102 _aRU
105 _ac|||ac||011zy
181 0 _ai
_baxxe
182 0 _an
200 1 _aВасиль Касiян
_dВасилий Касиян
_eбiблiографiчний покажчик
_e[до 80-річчя з дня народження i 60-рiччя його творчоï дiяльностi]
_fАкадемiя наук Украïнськоï РСР, Львiвська наукова бiблiотека iм. В. Стефаника
_gуклав: С.П. Костюк
_gнауковий редактор: кандидат мистецтвознавства Х.I. Саноцька
_zrus
203 _aТекст
_bвизуальный
_cнепосредственный
210 _aЛьвiв
_cиздание Львовской научной библиотеки им. Стефаника АН УССР
_d1976
215 _a[1], 156, [1] с., [1] л. портр.
_d20
300 _aЧасть текста парал. укр., рус.
309 _aНапеч. на пиш. маш. Литогр.
320 _aБиблиогр. в подстроч. примеч.
320 _aIмен. покажч.: с. 145-156
510 1 _aВасилий Касиян
_zrus
702 1 _aКасiян
_bВ. I.
_f1896-1976
_gВасиль Iллiч
_4280
702 1 _aКостюк
_bС. П.
_gСтепан Павлович
_4220
702 1 _aСаноцька
_bХ. I.
_4340
712 0 2 _4475
_8ukr
_aЛьвiвська наукова бiблiотека iм. В. Стефаника
_7ca
_3RU\NLR\AUTH\889962391
_9421091
852 _aNLR
_j641/К-28
942 _cBOOK
980 _aNB